000
00233nam a22000857a 4500
008
160914b xxu||||| |||| 00| 0 eng d
100
_9
419
_a
Gupta. A.D. etal
245
_a
Junior Mathematics-III
260
_a
New Delhi
_b
B.B publications
_c
2011
999
_c
3077
_d
3077